Movies Quiz

Random Movies or Actor Quiz

Brad Pitt Movies by Poster Quiz Stats

 Plays Quiz Updated Dec 18, 2015

Challenge
Share
Tweet
Score 0/25 Timer 06:00
7 Plays Today
% Correct
Mr. & Mrs. Smith
95%
Fight Club
89.4%
Troy
83.3%
Inglourious Basterds
82.5%
Ocean's Eleven
82.4%
Se7en
76.3%
Moneyball
74.7%
World War Z
65%
Megamind
62.5%
Meet Joe Black
57.7%
The Curious Case of Benjamin Button
57.6%
Snatch.
55.9%
Seven Years in Tibet
43.9%
% Correct
Legends of the Fall
42.9%
The Mexican
42.2%
Twelve Monkeys
40.2%
Spy Game
26.3%
The Assassination of Jesse James by the Coward Robert Ford
25.4%
The Tree of Life
23.7%
Cool World
21.3%
Sinbad: Legend of the Seven Seas
18.5%
Killing Them Softly
18%
Kalifornia
17.6%
The Devil's Own
15.9%
The Counselor
15.5%

You're not logged in!

Compare scores with friends on all Sporcle quizzes.
OR
Log In

You Might Also Like...

Show Comments

Extras

Top Quizzes Today


Score Distribution

Your Account Isn't Verified!

In order to create a playlist on Sporcle, you need to verify the email address you used during registration. Go to your Sporcle Settings to finish the process.

Report this User

Report this user for behavior that violates our Community Guidelines.

Details: